00511nam a22001577a 450000500170000001000150001702000110003203500140004303700130005708200110007010000230008124500910010426000440019527000860023930000280032520231110121857.0 aENG-134640 c600.00 aEN-118172 bDBAD/PUB a333.31 aSubramaniyam, Ravi aTamil Nadu Land Reforms:bFixation of Ceiling on Land Act, 1961/cBy Ravi Subramaniyam aChennaibCTC Publication Pvt. Ltdc2015 a5-B, Sanskrit College Street, MylaporebChennaie600004mctcpublication@gmail.com axxxii, 480p.c24cm(pbk)